Vyššia škola divadelnej zručnosti

Bibliographic Details
Main Author: Hevier, Daniel, 1955- (Author)
Format: Article
Language:Slovak
ISSN:1335-6976
Subjects:

MARC

LEADER 00000nab a2200000 a 4500
001 vtls000764269
003 SK-MaSNL
005 20260305001945.0
008 240311c2001 xo 0 slo
015 |a SNBRB2001/08-22572 
035 |a CLN000116056 
040 |a SNKBUCL  |b slo  |c SNKBUCL  |e AACR2 
041 0 |a slo 
044 |a xo  |c SK 
080 |a 82.09:886.2-2(081)(048)  |2 1997 
080 |a 886.2-2(081)(048)  |2 1997 
100 1 |a Hevier, Daniel,  |d 1955-  |4 aut  |9 103400 
245 1 0 |a Vyššia škola divadelnej zručnosti  |c Daniel Hevier 
650 0 7 |a hry divadelné chorvátske  |x recenzie  |2 snkbucl  |9 1463011 
655 7 |a články z novín a časopisov  |2 snkbucl  |9 267496 
773 0 |t Kultúrny život  |g Roč. 2, č. 15 (2001), s. 8  |x 1335-6976 
787 0 8 |i Rec.:  |a Gavran, Miro, 1961-  |t Drámy a komédie  |d Bratislava : Juga, c2000  |z 8085506963 
850 |a Slovenská národná knižnica v Martine 
852 |a SNK  |b KIS3GCP 
958 |a LX 
958 |a HR 
958 |a RC 
992 |a RBX 
999 |c 3222802  |d 3224732